000 00506nam a2200205Ia 4500
003 OSt
005 20140319133701.0
008 140130s9999 xx 000 0 und d
020 _a059004320
050 _aPZ 73
_b.T376 1997
100 _aTello, Por Jerry
245 _cPor Jerry Tello
_aAbuelo y Los Tres Osos /
260 _bScholastic,
_c1997.
_aNew York :
300 _a16, 16 p. :
_bcol. ill. ;
_c26 cm.
440 _v1
521 _aG4
526 _c620
942 _cBK
_2lcc
999 _c42225
_d42225